| 000 | 00646nam a2200241 a 4500 | ||
|---|---|---|---|
| 999 |
_c4944 _d4944 |
||
| 001 | 4944 | ||
| 003 | BD-JhCC | ||
| 005 | 20180310193145.0 | ||
| 008 | 171205s1962 u |||| || | 001 0 eng d | ||
| 035 | _a(BD-JhCC)4944 | ||
| 040 |
_aBD-JhCC _dBD-JhCC |
||
| 041 | _aeng | ||
| 082 |
_a973.7092 _bLIN 1962 |
||
| 245 |
_aLincoln as they saw him / _cHerbert Mitgang (Ediitor) |
||
| 260 |
_aNew York : _bCollier Books, _c1962. |
||
| 300 |
_a504 p. : _c18 cm. |
||
| 504 | _aIncludes Index | ||
| 650 | _aPresidents | ||
| 650 |
_aAbraham Lincoln _xPress & Politics _zUnited States |
||
| 700 | _a Mitgang, Herbert | ||
| 942 |
_2ddc _cBK |
||